Una hialina visión invisible labra la palabra / (Record no. 184748)

MARC details
000 -LEADER
campo de control de longitud fija 01030nam a2200277 i 4500
001 - NÚMERO DE CONTROL
campo de control 184748
003 - IDENTIFICADOR DE NÚMERO DE CONTROL
campo de control ES-MaACL
005 - FECHA Y HORA DE LA ÚLTIMA TRANSACCIÓN
campo de control 20240612112649.0
008 - DATOS DE LONGITUD FIJA--INFORMACIÓN GENERAL
campo de control de longitud fija 151127s2014 ck a |||| | spa d
020 ## - NÚMERO INTERNACIONAL ESTÁNDAR DEL LIBRO
Número Internacional Estándar del Libro 978-958-58053-9-2
080 ## - NÚMERO DE LA CLASIFICACIÓN DECIMAL UNIVERSAL
Número de la Clasificación Decimal Universal 821.134.2-14"19"
100 1# - ENTRADA PRINCIPAL--NOMBRE DE PERSONA
Nombre de persona Ballesteros Almazán, Emilio.
9 (RLIN) 145802
245 14 - MENCIÓN DEL TÍTULO
Título Una hialina visión invisible labra la palabra /
Mención de responsabilidad, etc. Emilio Ballesteros.
250 ## - MENCION DE EDICION
Mención de edición 1ª ed.
260 ## - PUBLICACIÓN, DISTRIBUCIÓN, ETC.
Lugar de publicación, distribución, etc. Popayán, Colombia :
Nombre del editor, distribuidor, etc. Gamar,
Fecha de publicación, distribución, etc. 2014.
300 ## - DESCRIPCIÓN FÍSICA
Extensión 76 p. :
Otras características físicas il. ;
Dimensiones 21 cm +
Material acompañante/anejo 1 CD-Rom
490 1# - MENCIÓN DE SERIE
Mención de serie Poesía
505 8# - NOTA DE CONTENIDO CON FORMATO
Nota de contenido con formato Contiene: ;
Título Auto de ánimas ;
-- El instante ;
-- Jardín ;
-- Sonetos mágicos
830 0# - PUNTO DE ACCESO ADICIONAL DE SERIE-TÍTULO UNIFORME
Título uniforme Poesía
9 (RLIN) 177794
852 ## - LOCALIZACIÓN
Ubicación ES-MaACL
Número de control de estantería A-13652
itemnumber 191760
Sublocalización o colección R.150946
Ubicación en estantería Depósito 1
Signatura antigua Olim: N-6652
Donativo/Legado Donación: Emilio Ballesteros
852 ## - LOCALIZACIÓN
Ubicación ES-MaACL
Número de control de estantería ROT 6/2/25
itemnumber 191760
Ubicación en estantería Rotativo
Donativo/Legado Donación: Emilio Ballesteros
903 ## - NOMBRE PERSONAL DE DONANTE
9 145802
a Ballesteros Almazán, Emilio
e Donante
942 ## - ELEMENTOS DE ENTRADA SECUNDARIOS (KOHA)
Fuente del sistema de clasificación o colocación Clasificación decimal universal
Tipo de ítem Koha Libro impreso
Holdings
Estatus retirado Estado de pérdida Fuente del sistema de clasificación o colocación Estado de daño No para préstamo Biblioteca de origen Biblioteca actual Ubicación en estantería Fecha de adquisición Fuente de adquisición Total de préstamos Signatura topográfica completa Código de barras Visto por última vez Precio de reemplazo Tipo de ítem Koha
    Clasificación decimal universal     Biblioteca del Ateneo de Madrid Biblioteca del Ateneo de Madrid Depósito 1 27/11/2015 Donación   A-13652 1194531 23/02/2023 23/02/2023 Libro impreso
    Clasificación decimal universal     Biblioteca del Ateneo de Madrid Biblioteca del Ateneo de Madrid Rotativo 16/05/2018 Donación   ROT 6/2/25 101228399 23/02/2023 23/02/2023 Archivo de ordenador en CD-ROM, CD o disquete